| 000 -LEADER |
| fixed length control field |
00800nam a2200205Ia 4500 |
| 001 - CONTROL NUMBER |
| control field |
16278 |
| 003 - CONTROL NUMBER IDENTIFIER |
| control field |
GE_BSU |
| 008 - FIXED-LENGTH DATA ELEMENTS--GENERAL INFORMATION |
| fixed length control field |
181216s||||||||xx |||||||||||||| ||und|| |
| 020 ## - INTERNATIONAL STANDARD BOOK NUMBER |
| International Standard Book Number |
ISBN 978-9941-0-2814-4 |
| 040 ## - CATALOGING SOURCE |
| Transcribing agency |
GE_BSU |
| 080 ## - UNIVERSAL DECIMAL CLASSIFICATION NUMBER |
| Universal Decimal Classification number |
342.743(479.22)(038) |
| 100 ## - MAIN ENTRY--PERSONAL NAME |
| Personal name |
ურიდია, გონერ |
| 245 ## - TITLE STATEMENT |
| Title |
საქართველოს საგადასახადო კოდექსის ტერმინთა განმარტება |
| 245 ## - TITLE STATEMENT |
| Statement of responsibility, etc. |
რედ. ზაურ ამილახვარი |
| 300 ## - PHYSICAL DESCRIPTION |
| Extent |
136გვ; 20სმ. - ბიბლიოგრ.: გვ. 135 |
| 653 ## - INDEX TERM--UNCONTROLLED |
| Uncontrolled term |
სამართალი |
| 653 ## - INDEX TERM--UNCONTROLLED |
| Uncontrolled term |
საქ. საერთაშ. ურთიერთობათა უნ-ტი |
| 942 ## - ADDED ENTRY ELEMENTS (KOHA) |
| Koha item type |
წიგნი |